000 00689nam a2200289Ia 4500
005 20260324145306.0
008 008 260324s9999 xx 000 0 eng d
020 _a9780203815656
037 _aEBOOK
040 _aCRL
040 _beng
040 _cCRL
041 _2eng
041 _aeng
084 _qCRL
100 _aMartyn Hammersley; Andy Hargreaves
_91222454
245 0 _aCurriculum Practice
245 0 _bSome Sociological Case Studies
260 _bTaylor and Francis
260 _c1983
365 _a
365 _b240
856 _uhttp://www.taylorfrancis.com/books/9780203815656
942 _cEBOOK
999 _c1830145
_d1830145